Basketball Movies - Statistics

General Stats
  • This quiz has been taken 1,739 times
  • The average score is 6 of 18
Answer Stats
Clue Movie % Correct
Michael Jordan helps the Looney Toons defeat a team of aliens Space Jam
86%
Tough coach benches his undefeated team due to poor grades Coach Carter
60%
Caucasian street baller hustles other ball players but can't dunk White Men Can't Jump
56%
Small-town Indiana high school wins the state championship Hoosiers
55%
13 year old orphan gets hit by lightening and aquires NBA talent Like Mike
53%
Golden retreiver helps a boy's middle school team win Air Bud
52%
Next door neighbors pursue their basketball careers and fall in love Love & Basketball
39%
High school basketball player is actually a werewolf Teen Wolf
38%
Incarcerated father tries to convince his son to play for the governor's alma mater He Got Game
35%
Singer Jackie Moon buys an ABA team and becomes owner, coach, and forward Semi Pro
31%
College coach illegally recruits the best players and his program pays the price Blue Chips
27%
Texas Western College wins the 1966 NCAA Tournament Glory Road
27%
Documentary following the NBA dreams of two Chicago high schoolers Hoop Dreams
19%
Talented young player freefalls into heroin and cocaine addiction Basketball Diaries
17%
College coach travels to Africa to recruit new talent The Air Up There
16%
Promising teen star and his relationship with a drug dealer and a security guard Above the Rim
12%
Woman wins a halftime contest to become honorary head coach of the Knicks Eddie
12%
Basketball referee falls in love in France and can't seem to forget about it Forget Paris
7%
No matching quizzes found
Score Distribution
Percent of People with Each Score
Percentile by Number Answered
Your Score History
You have not taken this quiz